=LDR 00000nam 2200000 4500 =001 INLIS000000000000484 =005 20150317094655.0 =006 =007 =008 Ind =035 ##$$0010-061300000000484 =041 ##$$a Ind =082 ##$$a 790.192 209 598 74 =090 ##$$a 790.192 209 598 74 Mun p =100 ##$$a Munawar, Tuti =245 ##$$a Permainan anak-anak kilang / Tuti Munawar =260 ##$$a Jakarta $b Depdikbut, Proyek Penerbitan Buku Sastra Indonesia dan Daerah $c 1981 =300 ##$$a 32 hlm. : ilus. ; 21 cm =650 ##$$a Permainan anak =650 ##$$a Kilang =710 ##$$a Proyek Penerbitan Buku Sastra Indonesia dan Daerah =850 ##$$a NBPNMAT